Niektoré otázky týkajúce sa náležitostí účtovných a daňových dokladov

Problematika daňových a účtovných dokladov v súvislosti s predkladaním daňového priznania. Objasnenie pojmov účtovný doklad, hospodárska operácia, účtovná operácia, daňový doklad. Náležitosti účtovných dokladov. Daňové doklady. Náležitosti daňového dokladu.

Uložené v:
Podrobná bibliografia
Hlavný autor: Mináriková, Anna
Médium: Kapitola
Jazyk:Slovak
Predmet:
Tagy: Pridať tag
Žiadne tagy, Buďte prvý, kto otaguje tento záznam!

MARC

LEADER 00000naa a2200000 4500
001 r037101
005 20230919090558.7
041 0 |a slo 
044 |a SK 
245 1 0 |a Niektoré otázky týkajúce sa náležitostí účtovných a daňových dokladov  |c Anna Mináriková 
520 |a Problematika daňových a účtovných dokladov v súvislosti s predkladaním daňového priznania. Objasnenie pojmov účtovný doklad, hospodárska operácia, účtovná operácia, daňový doklad. Náležitosti účtovných dokladov. Daňové doklady. Náležitosti daňového dokladu. 
610 2 0 |a doklady daňové 
610 2 0 |a doklady účtovné 
610 2 0 |a pojmy 
610 2 0 |a písomnosti účtovné 
610 2 0 |a prípady účtovné 
610 2 0 |a účtovníctvo 
610 2 0 |a priznania daňové 
610 2 0 |a daňovníci 
100 1 |a Mináriková, Anna